000
00290nam a2200109Ia 4500
008
190919s9999||||xx |||||||||||||| ||und||
100
_a
Annabel Z. Dodd
245
4
_a
The Essential Guide to Telecommunications
260
_a
New Delhi
_b
Tata McGraw Hill
_c
2004
300
_a
529
942
_c
BK
999
_c
11362
_d
11362